Varsinaissuomen kuntien vaakunat 2025 (keltainen laatikko) - Statistics

Yleistilastot
  • Tätä visaa on pelattu 138 kertaa
    130 viimeisimmän päivityksen jälkeen
  • Keskiarvotulos 20 / 27
Vastaustilastot
Kuvavisa Vastaus % Oikein
Turku
98%
Naantali
92%
Oripää
92%
Aura
86%
Laitila
84%
Kemiönsaari
80%
Uusikaupunki
80%
Raisio
78%
Marttila
73%
Nousiainen
73%
Koski Tl
71%
Lieto
71%
Loimaa
71%
Masku
71%
Salo
71%
Sauvo
71%
Parainen
69%
Somero
69%
Kaarina
67%
Mynämäki
67%
Pöytyä
67%
Taivassalo
67%
Kustavi
65%
Paimio
65%
Vehmaa
63%
Pyhäranta
57%
Rusko
57%
Ehtoja vastaavia visoja ei löytynyt
Tulosjakauma
Jokaisen tuloksen saaneiden osuus
Persentiili vastausten määrän mukaan
Tuloshistoriasi
Et ole pelannut tätä visaa sen viimeisimmän päivityksen jälkeen